| 000 | 01135cam a2200253 4500 | ||
|---|---|---|---|
| 001 | WB3912-14 | ||
| 008 | 030327n2003 000 0 eng u | ||
| 035 | _a(Sirsi) u121762 | ||
| 245 | _aIrish investors turn to UK and Europe | ||
| 260 | _c2003 | ||
| 490 |
_aInsignia Richard Ellis Gunne News _v 2003 (1) |
||
| 520 | _aAccording to Insignia Richard Ellis Gunne's (IREG) "Property investment monitor" in the first quarter 2003, investment in Irish property will fall from 900m (£610m) in 2002 to less than 500m (£339m) in 2003. Irish investors are switching their spend to the UK and Europe, drawn by favourable comparative yields. IREG claim, last year Irish investors accounted for over 20% of commercial property acquisitions in the UK by overseas investors. http://www.insignia-regunne.com/commercial/html/market_research2.html | ||
| 590 | _aWB | ||
| 650 | _aIRELAND | ||
| 650 | _aUNITED KINGDOM | ||
| 650 | _aEUROPE | ||
| 650 | _aOVERSEAS INVESTMENT | ||
| 650 | _aPROPERTY-COMMERCIAL PROPERTY | ||
| 650 | _aOFFICE RENTS | ||
| 650 | _aYIELDS | ||
| 650 | _aCAPITAL GROWTH | ||
| 690 | _aINVESTMENT | ||
| 942 | _n0 | ||
| 999 |
_c72366 _d72366 |
||